The first salute / (Record no. 109577)

MARC details
000 -LEADER
campo de control de longitud fija 01078cam a2200313 a 4500
001 - NÚMERO DE CONTROL
campo de control 32076
005 - FECHA Y HORA DE LA ÚLTIMA TRANSACCIÓN
campo de control 20230411085931.0
008 - DATOS DE LONGITUD FIJA--INFORMACIÓN GENERAL
campo de control de longitud fija 880422s1988 nyuabcf b 001 0 eng
035 ## - NÚMERO DE CONTROL DEL SISTEMA
-- (DLC) 88045216
035 ## - NÚMERO DE CONTROL DEL SISTEMA
Número de control de sistema 3384985
010 ## - NÚMERO DE CONTROL DE LA BIBLIOTECA DEL CONGRESO
Número de control de LC 88045216
020 ## - NÚMERO INTERNACIONAL ESTÁNDAR DEL LIBRO
Número Internacional Estándar del Libro 0394553330 :
Condiciones de disponibilidad $22.95
040 ## - FUENTE DE CATALOGACIÓN
Centro catalogador/agencia de origen DLC
Centro/agencia transcriptor DLC
Centro/agencia modificador DLC
043 ## - CÓDIGO DE ÁREA GEOGRÁFICA
Código de área geográfica n-us---
-- e-uk---
050 14 - SIGNATURA TOPOGRÁFICA DE LA BIBLIOTECA DEL CONGRESO
Número de clasificación E271
Número de ítem .T83 1988
082 00 - NÚMERO DE LA CLASIFICACIÓN DECIMAL DEWEY
Número de clasificación 973.3/5
Número de edición 19
100 1# - ENTRADA PRINCIPAL--NOMBRE DE PERSONA
Nombre de persona Tuchman, Barbara Wertheim.
245 14 - MENCIÓN DEL TÍTULO
Título The first salute /
Mención de responsabilidad, etc. Barbara W. Tuchman.
250 ## - MENCION DE EDICION
Mención de edición 1st ed.
260 ## - PUBLICACIÓN, DISTRIBUCIÓN, ETC.
Lugar de publicación, distribución, etc. New York :
Nombre del editor, distribuidor, etc. Knopf :
-- Distributed by Random House,
Fecha de publicación, distribución, etc. 1988.
300 ## - DESCRIPCIÓN FÍSICA
Extensión xiii, 347 p., [16] p. of plates :
Otras características físicas ill. (some col.), maps (some col.), ports. (some col.) ;
Dimensiones 25 cm.
500 ## - NOTA GENERAL
Nota general Subtitle on jacket: A view of the American Revolution.
500 ## - NOTA GENERAL
Nota general Maps on lining papers.
504 ## - NOTA DE BIBLIOGRAFÍA, ETC.
Nota de bibliografía, etc. Bibliography: p. 301-307.
500 ## - NOTA GENERAL
Nota general Includes index.
651 #0 - PUNTO DE ACCESO ADICIONAL DE MATERIA--NOMBRE GEOGRÁFICO
Nombre geográfico United States
Subdivisión general History
Subdivisión cronológica Revolution, 1775-1783
Subdivisión general Naval operations.
651 #0 - PUNTO DE ACCESO ADICIONAL DE MATERIA--NOMBRE GEOGRÁFICO
Nombre geográfico United States
Subdivisión general History
Subdivisión cronológica Revolution, 1775-1783
Subdivisión general Campaigns.
942 ## - ELEMENTOS DE ENTRADA SECUNDARIOS (KOHA)
Fuente del sistema de clasificación o colocación Clasificación de Library of Congress
Tipo de ítem Koha
Holdings
Estatus retirado Estado de pérdida Fuente del sistema de clasificación o colocación Estado de daño No para préstamo Colección Biblioteca de origen Biblioteca actual Ubicación en estantería Fecha de adquisición Signatura topográfica completa Código de barras Visto por última vez Copia número Tipo de ítem Koha
    Clasificación de Library of Congress     Automatización y Procesos Técnicos Biblioteca Juan Bosch Biblioteca Juan Bosch Automatización y Procesos Técnicos (1er. Piso) 11/04/2023 E271 .T83 1988 00000035493 17/02/2019 1